| 000 | 01406nam a22002777a 4500 | ||
|---|---|---|---|
| 001 | EPSA 0287 | ||
| 003 | gtcocun | ||
| 005 | 20250918163815.0 | ||
| 006 | a||||gr|||| 00| 0 | ||
| 007 | ta | ||
| 008 | 250918b2024 gt ||||| m||| 00| 0 eng d | ||
| 040 |
_agtcocun _bSPA _cgtcocun _eRDA |
||
| 041 | _aSPA EPSA 0287 | ||
| 084 | _0EPSA 0287 | ||
| 100 |
_aTiul Hub, Laura Marina _eAutor |
||
| 245 |
_aINFORME FINAL DEL EJERCICIO PROFESIONAL SUPERVISADO, REALIZADO EN LA COORDINACIÓN DE LA CARRERA DE ADMINISTRACIÓN DE EMPRESAS CUNOR, COBÁN, ALTA VERAPAZ/ _cLaura Marina Tiul Hub _hImpreso |
||
| 264 |
_aCobán, Alta Verapaz: _bUniversidad de San Carlos de Guatemala, Centro Universitario del Norte, Licenciatura en Administración de Empresas _c2024 |
||
| 300 |
_a59 p.: _bIlustraciones, gráficas. _c28 cm; |
||
| 502 | _eEPSA 0287 | ||
| 502 |
_aEjercicio Profesional Supervisado _bLicenciatura en Administración de Empresas, _cUniversidad de San Carlos de Guatemala, Centro Universitario del Norte, Licenciatura en Administración de Empresas _d2024 _oEPSA 0287 |
||
| 650 |
_2LEMB _aCobán, Alta Verapaz _xAdministración _xManual _xActualización _xGuías _xProyecto _xPublicidad _xEPS |
||
| 700 |
_aM.A. Erick Jerónimo Milián Santa Cruz _eAsesor |
||
| 856 |
_uSin archivo en línea. _zSin archivo en línea. |
||
| 942 |
_2ddc _cTES _iEPSA 0287 _kClasificación _n0 _6EPSA_0287_000000000000000 |
||
| 999 |
_c1927 _d1927 |
||